مكتبة جامعة عجلون الوطنية

فهرس بحث المكتبة

Normal view MARC view
  • Building Secure & Reliable Systems- Maintaining Systems

Entry Topical Term

Number of records used in: 1

001 - CONTROL NUMBER

  • control field: 6652

003 - CONTROL NUMBER IDENTIFIER

  • control field: JO-AjAnu

005 - DATE AND TIME OF LATEST TRANSACTION

  • control field: 20230606071358.0

008 - FIXED-LENGTH DATA ELEMENTS

  • fixed length control field: 230606|| aca||aabn | a|a d

040 ## - CATALOGING SOURCE

  • Original cataloging agency: JO-AjAnu
  • Transcribing agency: JO-AjAnu

150 ## - HEADING--TOPICAL TERM

  • Topical term or geographic name entry element: Building Secure & Reliable Systems- Maintaining Systems

670 ## - SOURCE DATA FOUND

  • Source citation: Work cat.: (JO-AjAnu)3446: Adkins, Hearther, Betsy Beyer, Paul Blankinship, Piotre Lewandowski, Ana Oprea, Adam Stubblefield , author 6651, Building Secure & Reliable Systems: Best Practices for Designing, Implementing, and Maintaining Systems